000 00317nam a22001457a 4500
008 210609b ||||| |||| 00| 0 eng d
020 _a9780323031950
041 _aeng
080 _24th
_a611
082 _a611
100 _a5
101 _aANA
245 _aPrinciples of Phsyiology
_cLevy,M.N
942 _2udc
_cBK
999 _c58075
_d58075